000 01374nkm a2200397 a 4500
001 21704
003 VRT
005 20260309095525.0
007 k| co|
008 181130s1997 xo a rg 0kuslo
015 _aSNBG1997
020 _a8085568772
_q(viaz.)
035 _aSNK000267365
035 _aurn:nbn:sk:snk-am3h7e4
035 _a9F49BCA9-99DD-4B7C-A1AF-45D4889BD057
035 _aurn:nbn:sk:snk-am00161j
039 9 _a202406211039
_bAUTHORITY
_c202406211033
_dAUTHORITY
_c202406211033
_dAUTHORITY
_c202202132246
_dmsnk134
040 _aSNK
_bslo
_cSNK
_eAACR2
041 0 _aslo
044 _axo
_cSK
080 _a885.4-3(087.5)
100 1 _aBirkenshaw, Linda
_4ill
245 1 0 _aTraja trpaslíci hľadajú poklad
_hgrafika
_c[illustrations: L. Birkenshaw ; text: Z. Moravčíková]
260 _a[Bratislava]
_bEurounion Junior
_c1997
300 _a[20] s.
_bfareb. ilustr.
_c25 cm
500 _aÚdaj o aut. textu a ilustr. prevzatý z tiráže
500 _aKartónové listy
655 7 _apríbehy
_2SNKPH
655 7 _aliteratúra pre deti
_2SNKPH
655 7 _aleporelá
_2SNKPH
700 1 _aMoravčíková, Z.
_4aut
910 _asnk
942 _2ddc
_cKLDE
_n0
949 _617A0112726
_9P60, <03>, [BOOK], {603}
_asnkSC 94702
_bsnkKSP 12555/97
_s6100:20140925
949 _617A0112727
_9P60, <04>, [BOOK], {604}
_asnkSC 94702 D1
_bsnkKSP 12556/97
999 _c21704
_d21704